000 01146cam a2200241 4500
001 ##L135606
008 061115n2006 000 0 eng u
020 _a0110752503
035 _a(Sirsi) u135606
041 0 _aeng
110 2 _aUnited Kingdom
_kLaws, etc
_95044
245 0 4 _aThe Real Estate Investment Trusts (Joint Ventures) Regulations 2006
260 _aLondon
_bTSO
_c2006
490 0 _aSI
_v2006: 2866
520 _aProvide details on how the Real Estate Investments Trusts regime (UK-REIT regime), which was introduced by the Finance Act 2006 Part IV, shall apply to joint ventures. Joint ventures (which are not group REITs) may elect for the UK-REIT regime to apply in accordance with these Regulations. Come into force 7 January 2007.
590 _aKA
650 2 4 _aREAL ESTATE INVESTMENT TRUSTS (JOINT VENTURES) REGULATIONS 2006
650 2 4 _aFINANCE ACT 2006 PART IV
651 4 _aUnited Kingdom
_y
690 _aPROPERTY-PROPERTY FINANCE AND INVESTMENT-REAL ESTATE INVESTMENT TRUSTS
856 4 0 _uhttps://www.opsi.gov.uk/si/si2006/20062866.htm
_zView the Regulations free of charge at www.opsi.gov.uk..
942 _n0
999 _c106107
_d106107